Normal view
MARC view
- YOUNG, DENNIS
Entry Personal Name
001 - CONTROL NUMBER
- control field: 79884
003 - CONTROL NUMBER IDENTIFIER
- control field: NUST
005 - DATE AND TIME OF LATEST TRANSACTION
- control field: 20210628210539.0
008 - FIXED-LENGTH DATA ELEMENTS
- fixed length control field: 210628|| aca||aabn | a|a d
040 ## - CATALOGING SOURCE
- Original cataloging agency: NUST
- Transcribing agency: NUST
100 ## - HEADING--PERSONAL NAME
- Personal name: YOUNG, DENNIS
670 ## - SOURCE DATA FOUND
- Source citation: Work cat.: (NUST): YOUNG, DENNIS, HOME DECORATION AND REPAIRS ON A SMALL INCOME, 1956
